Most Populous Cities Quiz Stats

 Plays Quiz Updated Sep 28, 2018

Score 0/25 Timer 06:00
3 Plays Today
% Correct
New York City, USA
98.5%
London, UK
95.2%
Tokyo, Japan
90.3%
Los Angeles, USA
90.3%
Beijing, China
89%
Moscow, Russia
87.7%
Mexico City, Mexico
83.4%
Shanghai, China
71%
Cairo, Egypt
70.2%
Mumbai, India
69.8%
Buenos Aires, Argentina
62.2%
Bangkok, Thailand
58.4%
São Paulo, Brazil
57%
% Correct
Delhi, India
56.5%
Jakarta, Indonesia
55.2%
Istanbul, Turkey
54.6%
Seoul, Korea
53.7%
Tehran, Iran
44.7%
Kolkata, India
43.7%
Manila, Philippines
41.9%
Lagos, Nigeria
40.8%
Guangzhou, China
37.4%
Osaka, Japan
33.7%
Karachi, Pakistan
31%
Dhaka, Bangladesh
27.6%

You're not logged in!

Compare scores with friends on all Sporcle quizzes.
OR
Log In

Sporcle TV

Today on Sporcle TV


Watch our educational content, quiz creation guides, and fun videos on Sporcle TV.

Show Comments

Extras

Top Quizzes Today


Score Distribution

Your Account Isn't Verified!

In order to create a playlist on Sporcle, you need to verify the email address you used during registration. Go to your Sporcle Settings to finish the process.

Report this User

Report this user for behavior that violates our Community Guidelines.

Details: